Super Smash Bros. Characters by Debut - Click Quiz - Statistics

General Stats
  • This quiz has been taken 112 times
    69 since last reset
  • The average score is 40 of 73
Answer Stats
Hint Answer % Correct
Isabelle Animal Crossing: New Leaf
73%
Diddy Kong, King K. Rool Donkey Kong Country
70%
Palutena, Pit Kid Icarus
70%
Mega Man Mega Man
70%
Sonic Sonic the Hedgehog
70%
Captain Falcon F-Zero
68%
Dark Pit Kid Icarus: Uprising
68%
Sora Kingdom Hearts
68%
Toon Link Legend of Zelda: Wind Waker, The
68%
Steve, Zombie, Enderman, Alex Minecraft
68%
Joker Persona 5
68%
Ken, Ryu Street Fighter
68%
Simon Castlevania
65%
Ridley, Samus Metroid
65%
Kazooie Banjo-Kazooie
62%
Bayonetta Bayonetta
62%
Dr. Mario Dr. Mario
62%
Link, Zelda Legend of Zelda, The
62%
Snake Metal Gear
62%
Dark Samus Metroid Prime 2
62%
Rosalina and Luma Super Mario Galaxy
62%
Shulk Xenoblade Chronicles
62%
Min Min ARMS
59%
Duck Hunt Duck Hunt
59%
Ness Earthbound
59%
Ice Climbers Ice Climber
59%
Ganondorf, Sheik, Young Link Legend of Zelda: Ocarina of Time, The
59%
Greninja Pokémon X/Y
59%
Kazuya Tekken
59%
Villager Animal Forest
57%
Donkey Kong, Mario Donkey Kong
57%
Cloud, Sephiroth Final Fantasy VII
57%
Lucas Mother 3
57%
Olimar Pikmin
57%
Alph Pikmin 3
57%
Charizard, Ivysaur, Jigglypuff, Mewtwo, Pikachu, Pokémon Trainer, Squirtle Pokémon Red/Green
57%
Little Mac Punch-Out!!
57%
Inkling Splatoon
57%
Wii Fit Trainer Wii Fit
57%
Pyra, Mythra Xenoblade Chronicles 2
57%
Richter Castlevania: Rondo of Blood
54%
Terry Fatal Fury
54%
Byleth Fire Emblem: Three Houses
54%
Pac-Man Pac-Man
54%
Incineroar Pokémon Sun/Moon
54%
Falco, Fox Star Fox
54%
Bowser, Peach, Piranha Plant Super Mario Bros.
54%
Iggy, Larry, Lemmy, Ludwig, Morton, Roy, Wendy Super Mario Bros. 3
54%
Daisy Super Mario Land
54%
Mii Wii Sports
54%
Meta Knight Kirby’s Adventure
51%
Mr. Game and Watch Ball
49%
Hero (Eight) Dragon Quest VIII
49%
Ike Fire Emblem: Path of Radiance
49%
Zero-Suit Samus Metroid: Zero Mission
49%
Wolf Star Fox 64
49%
Wario Super Mario Land 2
49%
Luigi Mario Bros.
46%
Pokémon Trainer (Leaf) Pokémon FireRed/LeafGreen
46%
R.O.B. Stack-Up
46%
Bowser Jr. Super Mario Sunshine
46%
Yoshi Super Mario World
46%
Corrin Fire Emblem Fates
43%
King Dedede, Kirby Kirby’s Dreamland
43%
Pichu Pokémon Gold/Silver
43%
Lucario Pokémon Mystery Dungeon:
Red Rescue Team / Blue Rescue Team (Cameo)
43%
Marth Fire Emblem: Shadow Dragon
and the Blade of Light
41%
Roy Super Smash Bros. Melee
(Guest Appearance)
41%
Chrom, Lucina, Robin Fire Emblem Awakening
38%
Hero (Aerdrick) Dragon Quest III
35%
Hero (Luminary) Dragon Quest XI
35%
Banjo Diddy Kong Racing
32%
Hero (Solo) Dragon Quest IV
24%
No matching quizzes found
Score Distribution
Percent of People with Each Score
Percentile by Number Answered
Your Score History
You have not taken this quiz since the last reset